000 00484nam a22001817a 4500
005 20251108164020.0
008 250721s1994 xx 000 0 ara d
082 1 4 _a216,399/غاد
100 1 _aغادى، ياسين
245 1 0 _aالدر المنثور في أحكام الجنائز و القبور /
264 1 _aعمان :
_c1994.
300 _a287ص
650 1 7 _aالإسلام
650 1 7 _aالفقه
650 1 7 _aالجنائز
942 _2ddc
_cBK
999 _c1462
_d1462